HOMEMADE : (Record no. 170667)

MARC details
000 -LEADER
fixed length control field 02364nam a22003257i 4500
005 - DATE AND TIME OF LATEST TRANSACTION
control field 20190109161934.0
008 - FIXED-LENGTH DATA ELEMENTS--GENERAL INFORMATION
fixed length control field 181224t20172017nyuo|||g |||| 001 0 eng d
020 ## - INTERNATIONAL STANDARD BOOK NUMBER
International Standard Book Number 9781621453802
Qualifying information paperback
Terms of availability RM91.90
040 ## - CATALOGING SOURCE
Original cataloging agency PPAK
Language of cataloging eng
Transcribing agency PPAK
Description conventions rda
082 04 - DEWEY DECIMAL CLASSIFICATION NUMBER
Classification number 640
Edition number 23
090 00 - LOCALLY ASSIGNED LC-TYPE CALL NUMBER (OCLC); LOCAL CALL NUMBER (RLIN)
Classification number (OCLC) (R) ; Classification number, CALL (RLIN) (NR) 640
Feature heading HOM
Feature heading R
245 00 - TITLE STATEMENT
Title HOMEMADE :
Remainder of title 707 PRODUCTS TO MAKE YOURSELF TO SAVE MONEY AND THE EARTH! /
Statement of responsibility, etc. Editor: Reader's Digest Association
246 30 - VARYING FORM OF TITLE
Title proper/short title Home made :
Remainder of title Seven hundred and seven products to make yourself to save money and the earth!
250 ## - EDITION STATEMENT
Edition statement [New edition].
264 #1 - PRODUCTION, PUBLICATION, DISTRIBUTION, MANUFACTURE, AND COPYRIGHT NOTICE
Place of production, publication, distribution, manufacture New York, NY :
Name of producer, publisher, distributor, manufacturer Reader's Digest,
Date of production, publication, distribution, manufacture, or copyright notice [2017]
Date of production, publication, distribution, manufacture, or copyright notice ©2017
300 ## - PHYSICAL DESCRIPTION
Extent 400 pages :
Other physical details colour photographs ;
Dimensions 26 cm
336 ## - CONTENT TYPE
Source rdacontent
Content type term text
337 ## - MEDIA TYPE
Source rdamedia
Media type term unmediated
338 ## - CARRIER TYPE
Source rdacarrier
Carrier type term volume
500 ## - GENERAL NOTE
General note Includes index.
General note Original edition of the book was titled "Homemade: a surprisingly easy guide to making hundreds of everyday products you would otherwise buy".
505 0# - FORMATTED CONTENTS NOTE
Formatted contents note Introduction -- 22 In the Kitchen -- 238 Health and Beauty Care -- 330 Around the House.
520 ## - SUMMARY, ETC.
Summary, etc. "Make your own pantry staples, cleaning products, pet food, health and beauty supplies, and hundreds of other household items--fast, fresh, and more naturally. Here are low-cost, all-natural replacement recipes for more than 700 name-brand products that you buy week in and week out at the supermarket, pharmacy, or discount store. Save a fortune making your own everyday cooking, cleaning, and toiletry products! At the same time, you'll fill your cabinets with fresh, super high-quality products that work or taste great--without all the chemicals and preservatives of store-bought versions. Plus, 'think green"--you will greatly reduce the amount of useless, environment-damaging waste and garbage--spray bottles, jars, and cans. For cleaning, laundering, and polishing, the compounds are much gentler and less damaging to drains, sewage, and septic systems. The ingredients in most brand-name products account for only pennies of the purchaser's dollar and rest of what you spend covers advertising, packaging, shipping, and the retailer's overhead. Try these easy to make recipes:"--Amazon.
650 10 - SUBJECT ADDED ENTRY--TOPICAL TERM
Topical term or geographic name entry element Home economics
Topical term or geographic name entry element Formulas, recipes, etc
Topical term or geographic name entry element Cooking
710 2# - ADDED ENTRY--CORPORATE NAME
Corporate name or jurisdiction name as entry element Reader's Digest Association,
Relator term editor.
942 ## - ADDED ENTRY ELEMENTS (KOHA)
Source of classification or shelving scheme Dewey Decimal Classification
Koha item type Book
Holdings
Withdrawn Not for loan Current library Shelving location Date acquired Full call number Barcode Date last seen Koha item type
  Not For Loan Perpustakaan Alor Setar Rujukan Dewasa 22/01/2019 R 640 HOM A01591869 22/01/2019 Book
  Not For Loan Perpustakaan Awam Sungai Petani Rujukan Dewasa 22/01/2019 R 640 HOM A01591870 22/01/2019 Book
  Not For Loan Perpustakaan Baling Rujukan Dewasa 22/01/2019 R 640 HOM A01591874 22/01/2019 Book
  Not For Loan Perpustakaan Jitra Rujukan Dewasa 22/01/2019 R 640 HOM A01591871 22/01/2019 Book
  Not For Loan Perpustakaan Kulim Rujukan Dewasa 22/01/2019 R 640 HOM A01591873 22/01/2019 Book
  Not For Loan Perpustakaan Langkawi Rujukan Dewasa 22/01/2019 R 640 HOM A01591872 22/01/2019 Book